|
|
|
|
| LEADER |
00000ny a22000003n 4500 |
| 005 |
20110524101231.0 |
| 008 |
080707s2005 sp s 000 0 spa c |
| 020 |
|
|
|a 9788497727693
|
| 035 |
|
|
|a 1410
|
| 040 |
|
|
|a UMA.RE
|d vLex
|
| 080 |
|
|
|a 340.12(460)(0.034)
|
| 090 |
|
|
|c 184
|d 184
|
| 100 |
1 |
|
|a Zorrilla Ruiz, Manuel M®
|
| 245 |
1 |
0 |
|a Teora̕ general para un entendimiento razonable de los episodios del mundo del derecho
|h [Recurso electrn̤ico]
|c Manuel M® Zorrilla Ruiz
|
| 256 |
|
|
|a Servicio en ln̕ea
|
| 260 |
|
|
|a [Madrid] :
|b Dykinson,
|c 2005
|
| 506 |
1 |
|
|a Contenido solo disponible en los productos indicados
|d vLex Global
|d vLex Global (Academic Edition, excluding Law Schools)
|d vLex Global (U.S. Academic Edition, Law Schools)
|d vLex Global (U.S. Academic Edition, excluding Law Schools)
|d vLex Global (Academic Edition, Law Schools)
|
| 650 |
0 |
7 |
|a Historia del derecho
|2 Tesauro vLex
|
| 650 |
0 |
7 |
|a Teora̕ General del Derecho
|2 Tesauro vLex
|
| 740 |
0 |
|
|a vLex Libros (Servicios en ln̕ea)
|
| 856 |
4 |
0 |
|u http://vlex.com/source/1410
|z Acceso restringido
|
| 942 |
|
|
|c BOOK
|
| 999 |
0 |
|
|a Law--History
|b Madrid
|